000 00572nam a2200193Ia 4500
003 OSt
005 20260407112821.0
008 210210b2003 xxu||||| |||| 00| 0 eng d
040 _cAL
041 _aHindi
082 _aH891.109 BHAR
100 _aBHAATI (Deshraj simh)
_dभाटी (देशराज सिंह)
_9260460
245 _aRaskhan granthavali satik
_bरसखान ग्रंथावली सटीक
260 _aDilli
_bAshok Prakashan
_c2003
300 _a342
690 _aHindi Criticism
_9260461
906 _a059483
942 _2ddc
_cBK
999 _c106755
_d106755